Loading...
Essays on Davidson : actions and events /
This collection brings together previously unpublished works by well-known philosophers on the philosophy of action, the metaphysics of causality, and the philosophy of psychology. Nine of the essays directly discuss Donald Davidson's work on these topics, while three others challenge a Davidso...
| Other Authors: | , |
|---|---|
| Format: | Printed Book |
| Language: | English |
| Published: |
Oxford : New York :
Clarendon Press ; Oxford University Press,
1985.
|
| Subjects: | |
| Online Access: | http://www.loc.gov/catdir/enhancements/fy0635/84018923-d.html |
| LEADER | 01445cam a2200229 a 4500 | ||
|---|---|---|---|
| 008 | 840822s1985 enk b 001 0 eng | ||
| 082 | 0 | 0 | |a 128/.4 |2 19 |
| 245 | 0 | 0 | |a Essays on Davidson : |b actions and events / |c edited by Bruce Vermazen and Merrill B. Hintikka. |
| 260 | |a Oxford : |b Clarendon Press ; |a New York : |b Oxford University Press, |c 1985. | ||
| 300 | |a viii, 257 p. ; |c 23 cm. | ||
| 504 | |a Includes bibliographical references and index. | ||
| 520 | |a This collection brings together previously unpublished works by well-known philosophers on the philosophy of action, the metaphysics of causality, and the philosophy of psychology. Nine of the essays directly discuss Donald Davidson's work on these topics, while three others challenge a Davidsonian approach through discussion of independent but related issues. These essays are followed by replies from Davidson, including a previously unpublished essay, "Adverbs of Action." | ||
| 600 | 1 | 0 | |a Davidson, Donald, |d 1917-2003. |t Essays on actions and events. |
| 650 | 0 | |a Act (Philosophy) | |
| 650 | 0 | |a Events (Philosophy) | |
| 700 | 1 | |a Hintikka, Merrill B., | |
| 700 | 1 | |a Vermazen, Bruce. | |
| 856 | 4 | 2 | |u http://www.loc.gov/catdir/enhancements/fy0635/84018923-d.html |
| 906 | |a 7 |b cbc |c orignew |d 1 |e ocip |f 19 |g y-gencatlg | ||
| 942 | |c BK | ||
| 999 | |c 274873 |d 274873 | ||
| 952 | |0 0 |1 0 |2 ddc |4 0 |6 128_000000000000000__4_ESS |7 0 |9 309298 |a PHL |b PHL |c ST1 |d 2015-03-20 |i 2768 |l 0 |o 128/.4 ESS |p PHL2768 |r 2015-03-20 |y BK | ||